[Event "KNSB 9899"]
[Site "Netherlands"]
[Date "1999.??.??"]
[Round "?"]
[White "Van Wely, Loek"]
[Black "Van der Werf, Mark"]
[Result "1-0"]
[WhiteElo "2636"]
[BlackElo "2404"]
[Annotator "Van Wely/Cifuentes"]
[PlyCount "75"]
[EventDate "1998.??.??"]
[EventType "team"]
[EventRounds "1"]
[EventCountry "NED"]
[SourceTitle "CBM 070"]
[Source "ChessBase"]
[SourceDate "1999.06.08"]
[SourceVersion "1"]
[SourceVersionDate "1999.06.08"]
[SourceQuality "1"]

1. d4 Nf6 2. c4 g6 3. Nc3 d5 4. cxd5 Nxd5 5. e4 Nxc3 6. bxc3 Bg7 7. Nf3 c5 8.
Rb1 O-O 9. Be2 Nc6 10. d5 Ne5 11. Nxe5 Bxe5 12. Qd2 e6 13. f4 Bc7 14. O-O (14.
Bc4 $6 a6 $1) 14... exd5 15. exd5 Ba5 (15... Bf5 $6 16. Rxb7 Bb6 17. d6 Qf6 18.
Rd1 Rae8 19. Bb5 c4+ 20. Kh1 Re3 21. Bxc4 Bg4 22. Re1 Qxf4 23. Rxb6 Rxe1+ 24.
Qxe1 Qxc4 25. Rb4 Qe6 26. Qxe6 Bxe6 27. c4 Rc8 28. Be3 Kf8 29. Rb7 a5 30. Bg5
Rxc4 31. d7 Bxd7 32. Rxd7 Rc2 33. a3 Kg7 34. h3 Rc3 35. Be7 a4 36. Ra7 Rc4 37.
Bb4 {1-0 Van Wely,L-Timman,J/Breda 1998}) 16. d6 $1 (16. f5 $5 Bxf5 (16... gxf5
17. Bb2 $44) 17. Rxb7 Qf6 (17... Be4 18. Bf3 Bxf3 19. Rxf3) 18. Bb2 $14) 16...
b6 (16... Rb8 17. g4 Bd7 18. f5 gxf5 19. Bd3 Kh8 20. Bxf5 Rg8 21. Bxd7 Qxd7 22.
h3 f5 (22... Rg6 $142) 23. Bb2 {[%cal Gc3c4]} c4 $8 24. Qd4+ Rg7 25. Bc1 b5 26.
Qf6 $16 {1-0 Wells,P-Huzman,A/Antwerpen op 1993 (30)}) (16... Bf5 17. Rxb7 Qf6
18. Bb2 Rfb8 19. Rxb8+ Rxb8 20. Rd1 Be6 21. Bf3 h5 22. Rc1 Bf5 23. Ba3 c4 $14 {
1/2-1/2 Sakaev,K-Tseitlin,M/St. Peterburg 1992 (25)}) 17. Bf3 Bf5 (17... Rb8
18. Bb2 Bf5 19. Rbe1 $1 (19. Rbd1 $16) 19... c4 20. Be4 Bxe4 21. Rxe4 b5 22. d7
Bb6+ 23. Kh1 Rb7 24. Rd1 $16) 18. Bxa8 Bxb1 19. Bc6 $1 {Van Wely} (19. Bd5 $6
Bf5 20. Bb2 b5 $1 21. Re1 Qf6 22. Re7 {[%cal Gc3c4]} c4 23. Kh1 Bd3 24. Rxa7
Bb6 (24... Qxd6 25. Rxa5 Qxd5 26. a4 Re8 27. Rxb5 Qa8 28. Re5 $11) 25. Ra6 Qxd6
26. Ba3 Qxd5 27. Bxf8 Qb7 28. Rxb6 Qxb6 29. Bh6 $11) (19. Bb2 $5 Qxa8 (19...
Bxa2 20. Bc6 Be6 21. Rd1 $44) (19... Bf5 $142) 20. Rxb1 $16 {/\Rd1,d6-d7})
19... Qf6 20. Bb2 Bxa2 $6 (20... Rd8 $2 21. Rxb1 $1 (21. Rd1 Bxa2 {/\22...Bb3})
21... Rxd6 22. Qe3 Rxc6 23. Qe8+ Kg7 24. c4 Bc3 25. Bxc3 Qxc3 26. Qxc6 $18) 21.
c4 $1 Bxd2 (21... Qe6 22. f5 $1 Bxd2 (22... gxf5 23. Qf4 h6 (23... Bxc4 24. Bd7
$18) 24. Bd5 $18) 23. fxe6 Be3+ 24. Kh1 fxe6 25. Rxf8+ Kxf8 26. Bf6 Bf4 27. d7
Bc7 28. Bb5 $16 Kf7 29. d8=Q Bxd8 30. Bxd8 e5 31. Kg1 Ke6 32. Bc7 $16) 22. Bxf6
Bxc4 23. Rf3 $1 (23. Rd1 Be3+ 24. Kh1 Bxf4 25. d7 Bc7 26. d8=Q Bxd8 27. Bxd8
Kg7 28. Kg1 f6 29. Kf2 b5 30. Rd7+ Rf7 31. Be7 $14) 23... Be6 (23... Be2 24.
Ra3 Bc1 25. Rxa7 Be3+ 26. Kh1 Bxf4 27. d7 $18) (23... b5 24. d7 Ba5 25. Be7 Rb8
26. Bxc5 a6 27. Re3 Kg7 28. Re8 Bd8 29. Ba7 $18) 24. d7 Bxd7 25. Bxd7 a6 26.
Kf1 b5 27. Ke2 Ba5 28. Ra3 Bd8 29. Be5 Be7 30. Rxa6 $18 f6 31. Bc7 b4 32. Kd3
Kg7 33. Kc4 Kh6 34. g4 Rf7 35. Be6 Rg7 36. Ra8 Bf8 37. Rc8 Re7 38. Bd6 1-0

[Event "EU-Cup 16th"]
[Site "Neum"]
[Date "2000.09.26"]
[Round "3.1"]
[White "Van Wely, Loek"]
[Black "Avrukh, Boris"]
[Result "1-0"]
[WhiteElo "2643"]
[BlackElo "2625"]
[Annotator "Van Wely/Cifuentes"]
[PlyCount "65"]
[EventDate "2000.09.24"]
[EventType "team-swiss"]
[EventRounds "7"]
[EventCountry "BIH"]
[SourceTitle "CBM 080"]
[Source "ChessBase"]
[SourceDate "2001.01.25"]
[SourceVersion "1"]
[SourceVersionDate "2001.01.25"]
[SourceQuality "1"]
[WhiteTeam "Breda"]
[BlackTeam "Beer Sheva"]
[WhiteTeamCountry "NED"]
[BlackTeamCountry "ISR"]

1. d4 Nf6 2. c4 g6 3. Nc3 d5 4. Nf3 Bg7 5. cxd5 Nxd5 6. e4 Nxc3 7. bxc3 c5 8.
Rb1 O-O 9. Be2 b6 10. O-O Bb7 11. Qd3 Ba6 12. Qe3 Qd7 13. dxc5 Bxe2 14. Qxe2
bxc5 15. Qc4 Qc6 16. e5 Nd7 17. Re1 Nb6 18. Qh4 Qa4 19. Qxe7 Qxa2 20. Rb5 $5
$146 (20. Bg5) 20... Rac8 (20... Rfe8 21. Qxc5 Rac8 (21... Rec8 22. Qd4 Qc2 23.
Bd2 Rd8 24. Qe4 $14 (24. Rc1 Rxd4 25. Rxc2 Ra4 26. Kf1 $14)) 22. Ra5 $5 Qc2 23.
Qd4 (23. Qb4 Nc4 24. Rxa7 Nxe5 25. Nxe5 Rxe5 26. Be3) 23... Red8 24. Qf4 $14)
21. Rxc5 Nd5 22. Qd6 Nxc3 23. Rxc8 Rxc8 24. Bd2 Qc4 $6 (24... Qe6 25. Qxe6 fxe6
26. Nd4) (24... Na4 $142) 25. Qd7 $1 Nb5 (25... Qc6 26. Qxa7 $16) 26. Ng5 $1 {
/\Nxf7} Nd4 (26... Rf8 27. e6 fxe6 28. Nxe6 Rf7 29. Qd8+ Bf8 30. Nxf8 Rxf8 31.
Re8 Qf7 32. Rxf8+ Qxf8 33. Qd5+ $18) (26... Rb8 27. e6 fxe6 28. Qf7+ Kh8 29.
Nxe6 Rg8 30. Rc1 $1 Qa2 (30... Nd6 31. Qxg7+ $1 Rxg7 32. Rxc4 Nxc4 33. Bc3 $18)
31. Bh6 $1 Bxh6 32. Qf6+ Bg7 33. Nxg7 $18) 27. Nxf7 Qe6 28. Qb7 $1 (28. Qxa7 $2
Nc6 29. Qb7 Rb8 30. Qc7 Rc8 31. Ng5 Rxc7 32. Nxe6 Rd7 33. Nxg7 (33. Bf4 Bxe5
$14) 33... Rxd2 34. Ne8 Nxe5 35. h3 Nd3 $14) 28... Rf8 29. Ng5 Qa2 30. Be3 $1
Nc2 31. Bc5 $1 $18 Qa5 (31... Nxe1 32. Bxf8) 32. Qd5+ Kh8 33. Rd1 1-0

[Event "Qatar Masters op"]
[Site "Doha"]
[Date "2014.12.03"]
[Round "8"]
[White "Tomashevsky, Evgeny"]
[Black "Volokitin, Andrei"]
[Result "1/2-1/2"]
[WhiteElo "2714"]
[BlackElo "2627"]
[Annotator "Volokitin,A"]
[PlyCount "64"]
[EventDate "2014.11.26"]
[EventType "swiss"]
[EventRounds "9"]
[EventCountry "QAT"]
[SourceTitle "CBM 164"]
[Source "ChessBase"]
[SourceDate "2015.01.15"]
[SourceVersion "1"]
[SourceVersionDate "2015.01.15"]
[SourceQuality "1"]

1. d4 Nf6 2. c4 g6 3. Nc3 d5 4. cxd5 Nxd5 5. Bd2 Bg7 6. e4 Nxc3 7. Bxc3 O-O 8.
Qd2 Nc6 {Nachdem ich nach 8...c5 einige Probleme in der Partie gegen Lenic
hatte, musste ich andere Wege suchen.} 9. Nf3 Bg4 10. d5 Bxf3 11. Bxg7 (11.
gxf3 Ne5 12. Be2 c6 13. f4 Nd7 14. Bxg7 Kxg7 15. dxc6 bxc6 {ist eine andere
Variante. Das war meine Partie gegen Baumegger und viele anderen Partien.})
11... Kxg7 12. gxf3 (12. Qc3+ $2 e5 $1) 12... Ne5 13. Qc3 f6 14. O-O-O c6 15.
Bh3 Qb6 {Ich habe diese Stellung noch vor der Weltmeisterschaft analysiert.} ({
Der Zug} 15... cxd5 {hat den Nachteil die e-Linie zu öffnen.}) 16. Rd2 a5 {
Der Zug sieht logisch aus. Schwarz will den a-Bauern so weit wie möglich
ziehen.} 17. f4 Nf7 18. Kb1 ({Eine andere Möglichkeit ist} 18. Re1 {mit der
Idee Qe3} a4 (18... Qb4 19. Qe3 $1 $14) 19. Qe3 Qa5 $1 20. Kb1 (20. Be6 Nd8
$132) 20... Nd6 21. Rc2 a3 22. b3 cxd5 23. exd5 f5 $1 $132) 18... a4 19. Rc1 a3
$132 {Schwarz hat genügend Gegenspiel.} 20. dxc6 ({Keine Zeit für} 20. b3 $6
Nd6 $1 21. f3 cxd5 22. Rxd5 Qf2 $1 $36) 20... bxc6 21. Be6 $2 {Ein Fehler.
Schwarz hat eine gute Stellung bekommen. Weiß muss schon ans Remis denken.} (
21. Qe3 $1 Qb4 22. b3 Rad8 23. Rd7 $1 Rxd7 24. Bxd7 Rd8 25. Bxc6 Qd2 26. Qxd2
Rxd2 27. Rc2 Rd1+ 28. Rc1 Rd2 $11) ({Schlecht ist es den c-Bauern zu nehmen:} 
21. Qxc6 $2 Qb8 $1 22. e5 Qb4 $15) 21... Rfd8 $1 $15 22. e5 $2 {Noch ein
Fehler.} ({Evgenij hatte} 22. Rxd8 Nxd8 $1 $17 {übersehen.}) ({Aber besser war
} 22. Re2 $1 Nd6 $15) 22... Rxd2 $1 23. exf6+ (23. Qxd2 Rd8 24. Qe2 fxe5 25.
Bxf7 Kxf7 26. fxe5 Kg7 $17) 23... exf6 24. Qxd2 Rd8 25. Qc2 Qb4 26. Bb3 $8 axb2
$2 {Schwarz hat hier eine sehr vielversprechende Stellung bekommen. Ich habe
zwischen ...Qf4 und axb2 gewählt.} ({Ich musste auf Dominanz spielen:} 26...
Qxf4 $1 27. Qxc6 (27. bxa3 Ne5 $1 {Ich habe diese Stellung gesehen und dachte,
dass die zwei a-Bauern können starkes Gegenspiel geben. Aber das war eine
falsche Einschätzung.} 28. Qc5 Rd2 29. Qe3 Qxe3 30. fxe3 Rxh2 31. Rd1 h5 32. a4
Rh4 $1 {und Schwarz muss gewinnen.}) 27... axb2 28. Rc3 (28. Kxb2 $2 Ne5 $19)
28... Qxf2 29. Qc7 Qf5+ 30. Bc2 Qg4 31. h3 Qg1+ 32. Kxb2 Qd4 $17 {Schwarz hat
sehr gute Gewinnchancen.}) 27. Qxb2 $8 (27. Rd1 {verliert sofort} Rxd1+ 28.
Qxd1 Qxf4 $1 29. Bxf7 Qc1+ $1 30. Qxc1 bxc1=Q+ 31. Kxc1 Kxf7 $19) 27... Qxf4
28. Rxc6 Ng5 $2 {Ich habe fast alle Zeit nachgedacht und meinen Vorteil
verloren.} (28... Rd7 $1 {Ich musste einen prophylaktischen Zug machen} 29. a4
h5 $1 {Die letzten zwei Züge sind sehr schwer zu finden. Schwarz hat sehr gut
praktische Chancen auf Gewinn.}) 29. Qe2 $1 {Jetzt die Stellung ist
ausgeglichen.} Ne4 30. Qe3 $1 Nd2+ 31. Kb2 Qxe3 32. fxe3 Nxb3 $11 1/2-1/2

[Event "North American op 23rd"]
[Site "Las Vegas"]
[Date "2013.12.28"]
[Round "6"]
[White "Yermolinsky, Alex"]
[Black "Wei, Yi"]
[Result "1/2-1/2"]
[WhiteElo "2510"]
[BlackElo "2604"]
[Annotator "Yermolinsky,A"]
[PlyCount "44"]
[EventDate "2013.12.26"]
[EventType "swiss"]
[EventRounds "9"]
[EventCountry "USA"]
[SourceTitle "EXT 2015"]
[Source "ChessBase"]
[SourceDate "2014.11.20"]
[SourceVersion "1"]
[SourceVersionDate "2014.11.20"]
[SourceQuality "1"]

1. d4 Nf6 2. c4 g6 3. Nc3 d5 4. cxd5 Nxd5 5. e4 Nxc3 6. bxc3 Bg7 7. Be3 c5 8.
Nf3 Bg4 {Shadows of a disheartening loss to Garry "the Great and Terrible"
Kasparov I suffered in Wijk aan Zee 1999 began to hover over me as soon as
this move was played.} ({Truth to tell, in that game} 8... Qa5 9. Qd2 Bg4 10.
Rc1 {was played, and whatever mess I got myself into later in that game has
not been relevant since Kramnik found} (10. Rb1 a6 11. Rxb7 Bxf3 12. gxf3 Nc6
13. Bc4 {playable for White and scored the all-important first victory in the
London 2000 World Championship Match.})) 9. Rc1 Bxf3 {This automatic exchange
didn't seem so automatic to GM Evdokimov,} ({who twice chose} 9... Qa5 10. Qb3
cxd4 {the point being that Black will retain his bishop for defensive purposes.
} 11. Nxd4 {was an interesting try to put a different spin on it. Evdokimov
defended with} Bc8 ({The Keeper of All Things Gruenfeld, Peter Svidler,
preferred to keep the queens on and went back} 11... Qc7 {to survive a
tactical battle against Khairullin}) 12. Qb5+ Qxb5 13. Nxb5 Na6 {giving his
fearsome opponent Alexander Khalifman a free pawn on a7.}) 10. gxf3 Qa5 {
The young Chinese is trying to trick me into transposing into the Kasparov
disaster line.} (10... cxd4 {is a bit of a concession, since the white rook
occupies the c-file. Nonetheless, the critical position is reached after} 11.
cxd4 O-O 12. d5 Nd7 {White finds himself at a fork on the road.} {I'd give a
thought to the simple} 13. Be2 {White intends to concentrate his efforts on
the Queenside, which is more in the spirit of things.} ({According to Yogi
Berra, he must take it! Therefore,} 13. Bh3 $5 {was successfully employed by
Caruana against Areschenko in 2011. There followed} Kh8 14. f4 f5 15. e5 g5 {
Not Fabiano! He went all-out.} 16. Rg1 $6 {Very inspired play.} ({Cooler heads
would prefer} 16. e6 {but the position after} Nb6 {isn't that clear.} ({not} 
16... gxf4 17. Bxf4 Nf6 18. Bg2 Rc8 19. Rxc8 Qxc8 20. O-O Rd8 21. Qb3 $16) {
Say, White goes} 17. Bg2 {then} gxf4 18. Bxf4 Rc8 {Now Black is ready to
recapture on c8 with the knight, continuing to d6. Else,} 19. O-O Rxc1 20. Bxc1
Nc8 21. Qb3 Nd6 {leades to the same thing.}) 16... gxf4 17. Rxg7 Kxg7 18. Bxf4
Kh8 19. Kf1 Rc8 20. Rxc8 Qxc8 21. Qd4 {and here} Qc2 {seemed sufficient to
give Black the edge.}) ({The problem with the droll} 13. Bg2 {was underlined
in Duda-Wei Yi, 2013} Qa5+ 14. Qd2 Qa6 15. Qe2 Qa5+ 16. Qd2 {Draw agreed.}))
11. Qb3 $1 {Some difference, eh? Now White will take it to a favorable endgame
- the key strategy of the entire line.} O-O 12. Qb5 $1 (12. d5 Nd7 13. Be2 Rab8
14. f4 b5 {is the kind of a mess Black has to be happy with.}) 12... Qxb5 13.
Bxb5 a6 14. Be2 Nd7 {On the face of it this position has to be promising for
White, but I wasn't able to do anything with it.} 15. f4 ({Perhaps, I should
paid more attention to} 15. a4 $5 Nb6 16. a5 Na4 17. Kd2 {It seems risky for
White to keep his king on the d-file, but} Rad8 (17... cxd4 18. cxd4 Rfd8 19.
Rc4 $5 b5 20. axb6 Nxb6 21. Rb4 {is easy.}) 18. d5 f5 19. Kd3 e6 20. c4 {
maybe working for him.}) 15... e6 16. e5 ({It would be better to open the
e2-square for the king right away:} 16. Bf3 Rac8 17. Ke2 Nb6 18. e5 cxd4 19.
cxd4 Nd5 $14) 16... Rac8 {Now White must connect his rooks in order to keep
the c-file.} 17. O-O Rc7 18. Rfd1 Nb6 $1 {You can't stop that knight, you can
only hope to contain it.} 19. Bf3 $2 ({Theoretically speaking, White's last
hope to obtain something was} 19. dxc5 Na4 20. c4 Nxc5 21. Rb1 $14) 19... Nc4
$6 {Suddenly Wei Yi gave me another, completely undeserved, chance.} (19...
cxd4 20. cxd4 Rfc8 {equalizes on the spot.}) 20. dxc5 $2 {...and I failed to
recognize it!} (20. d5 $1 g5 (20... exd5 21. Bxd5 Nxe3 22. fxe3 b5 23. Bf3 Rb8
24. Rd6 Ra7 25. Rcd1 Bf8 26. Rd7 $14) 21. d6 Rd7 22. Bxc5 gxf4 23. Rb1 b6 24.
Bc6 bxc5 25. Bxd7 Bxe5 26. Bc6 Nxd6 {Black would have to work hard to save
this ending.}) 20... g5 21. c6 Nxe3 22. fxe3 bxc6 1/2-1/2

[Event "URS-chT Republics 12th final A"]
[Site "Moscow"]
[Date "1972.03.07"]
[Round "5"]
[White "Stein, Leonid"]
[Black "Karpov, Anatoly"]
[Result "0-1"]
[WhiteElo "2620"]
[BlackElo "2630"]
[Annotator "Zaitsev,I"]
[PlyCount "82"]
[EventDate "1972.03.??"]
[EventType "team-tourn"]
[EventRounds "4"]
[EventCountry "URS"]
[SourceTitle "EXT 2020"]
[Source "ChessBase"]
[SourceDate "2019.10.17"]
[SourceVersion "1"]
[SourceVersionDate "2019.10.17"]
[SourceQuality "1"]
[WhiteTeam "Ukraine"]
[BlackTeam "Russia"]
[WhiteTeamCountry "UKR"]
[BlackTeamCountry "RUS"]

1. d4 Nf6 2. c4 g6 3. Nc3 d5 4. Nf3 Bg7 5. cxd5 Nxd5 6. e4 Nxc3 7. bxc3 c5 8.
Bb5+ Nd7 9. O-O O-O 10. a4 a6 (10... Nf6 $5 {/\ 11.Qe2 Bg4}) 11. Bc4 Qc7 12.
Qe2 b6 (12... e5 13. d5 $16) 13. e5 e6 14. Ng5 Bb7 15. f4 $40 h6 16. Nxe6 $5 (
16. f5 $5 hxg5 17. f6 Bh8 18. Bxg5 {/\ Rf1-f4-h4}) 16... fxe6 17. Bxe6+ Kh8 (
17... Kh7 {ist genauer}) 18. Qg4 Rfd8 19. f5 Nf8 20. f6 Nxe6 21. Qxe6 (21.
fxg7+ Nxg7 22. Qxg6 Qc6 23. Rf6 Qe4 24. Qxe4 Bxe4 25. Rxh6+ {ist für Weiß
durchaus spielbar; fraglich, ob es zum Gewinn reicht}) 21... Bf8 22. Qh3 cxd4
23. cxd4 {damit überschätzt Weiß seine Position} (23. e6 Qxc3 24. Qxc3 dxc3 25.
e7 $10) 23... Rxd4 24. e6 Bc5 25. Kh1 (25. Qxh6+ Qh7 26. Qxh7+ Kxh7 27. Be3 Rg4
$17) (25. Be3 $32 Rd2 26. Qxh6+ Qh7 27. Qxh7+ Kxh7 28. Bf2 Rf8 29. f7 Re2 $19)
25... h5 26. Ra2 Bd5 27. Rd2 Rxd2 28. Bxd2 Qe5 29. Qd3 Qxe6 30. Qxg6 Qg4 31.
Qh6+ Kg8 32. f7+ Bxf7 33. Bc3 Bd4 34. h3 Qg7 $19 35. Qc6 Rd8 36. Bxd4 Qxd4 37.
Qb7 Rd7 38. Qc6 Kg7 39. Qc1 Qe5 40. Re1 Qf6 41. Rf1 Qd4 0-1

[Event "RUS-ch Higher League 63rd"]
[Site "Irkutsk"]
[Date "2010.08.30"]
[Round "5"]
[White "Zakhartsov, Viacheslav V"]
[Black "Kurnosov, Igor"]
[Result "0-1"]
[WhiteElo "2608"]
[BlackElo "2662"]
[Annotator "Zakhartsov,Vi"]
[PlyCount "82"]
[EventDate "2010.08.20"]
[EventType "swiss"]
[EventRounds "10"]
[EventCountry "RUS"]
[SourceTitle "CBM 138"]
[Source "ChessBase"]
[SourceDate "2010.09.17"]
[SourceVersion "1"]
[SourceVersionDate "2010.09.17"]
[SourceQuality "1"]

1. d4 Nf6 2. c4 g6 3. Nc3 d5 4. cxd5 Nxd5 5. e4 Nxc3 6. bxc3 Bg7 7. Nf3 c5 8.
Be3 Qa5 9. Qd2 O-O 10. Rc1 Rd8 11. d5 Nc6 {Probably, this move will replace} (
11... e6 12. Bg5 f6 (12... Re8 13. d6) 13. Bf4 {, where White has great
successes.}) 12. h4 $6 {Following in Giri's footsteps (Giri-Svidler, Guingamp
2010). However, this move is rather dubious. Better would be} (12. Be2) ({or} 
12. Bh6) 12... e6 13. h5 exd5 14. hxg6 hxg6 ({In the aforementioned game} 14...
fxg6 {was played:} 15. exd5 Be6 16. c4) 15. exd5 Bg4 16. Ng5 $4 {A horrible
blunder. However, White's position is quite unpleasant. Let's look at the
following variations:} (16. c4 Nb4 17. Be2 b6 {, winning the a2-pawn}) (16. Be2
c4 17. d6 (17. Bxc4 Bxf3 18. gxf3 Ne5 19. Be2 Rxd5 20. Qc2 Rc8) 17... Qa3 18.
Bf4 Bxf3 19. Bxf3 Ne5 {, and the pawn on d6 falls:} 20. Bxe5 Bxe5 21. d7 Rxd7)
(16. Bh6 Bxf3 17. gxf3 Bf6 18. c4 Qa3 19. Be2 Nb4 {, again winning a pawn.})
16... Rxd5 $1 17. Qxd5 Bxc3+ 18. Rxc3 Qxc3+ 19. Qd2 Rd8 20. f3 (20. Qxc3 Rd1#)
20... Rxd2 21. Bxd2 Qa1+ 22. Kf2 Qxa2 {Of course, I could resign. The rest was
unnecessary.} 23. Ke3 Bf5 24. g4 Ne7 25. Rh2 Nd5+ 26. Ke2 c4 27. gxf5 c3 28.
Ne4 cxd2 29. Nxd2 Qa6+ 30. Kf2 Qb6+ 31. Ke1 Qc7 32. Re2 Nf4 33. Re8+ Kg7 34.
Kd1 Qd7 35. Re4 Qxf5 36. Bc4 b5 37. Bb3 Qf6 38. Rb4 Qa1+ 39. Kc2 Ne2 40. Re4
Qc3+ 41. Kd1 Nd4 0-1

[Event "Voronezh op-A 14th"]
[Site "Voronezh"]
[Date "2010.06.19"]
[Round "7"]
[White "Zakhartsov, Viacheslav V"]
[Black "Dvoirys, Semen I"]
[Result "1/2-1/2"]
[WhiteElo "2586"]
[BlackElo "2563"]
[Annotator "Zakhartsov,Vi"]
[PlyCount "87"]
[EventDate "2010.06.12"]
[EventType "swiss"]
[EventRounds "9"]
[EventCountry "RUS"]
[SourceTitle "CBM 137"]
[Source "ChessBase"]
[SourceDate "2010.07.15"]
[SourceVersion "1"]
[SourceVersionDate "2010.07.15"]
[SourceQuality "1"]

1. d4 Nf6 2. c4 g6 3. Nc3 d5 4. cxd5 Nxd5 5. e4 Nxc3 6. bxc3 c5 7. Be3 Qa5 8.
Qd2 cxd4 {I was very surprised by fact that such creative player as Semen
Dvoirys went on to swap queens. Now I could hope for an advantage in a quiet
position. But...} 9. cxd4 Qxd2+ 10. Kxd2 Bg7 11. Rb1 O-O 12. Nf3 Rd8 13. Bd3 e6
14. Rhc1 Nc6 15. e5 {This move, probably, is stronger than} (15. Rc4 Bd7 {
, and Black completes his development.}) 15... f6 16. exf6 ({As turned out,
many years ago Zdenko Kozul had played the strong} 16. Ke2 $1 fxe5 17. dxe5
Nxe5 18. Nxe5 Bxe5 19. Be4 Rb8 20. Rc5 Bd6 21. Ra5 a6 22. Bb6 {with strong
pressure for the pawn (Kozul-Polajzer, Ptuj 1989).}) 16... Bxf6 17. Be4 (17.
Ke2 $5 {again deserved serious attention:} Ne7 (17... Nxd4+ 18. Nxd4 Bxd4 19.
Bxd4 Rxd4 20. Rc7) (17... e5 18. dxe5 Nxe5 19. Nxe5 Bxe5 20. Be4) 18. Be4 Nd5
19. Bg5 {with an edge for White.}) 17... e5 $1 ({Of course, not} 17... Nxd4 18.
Nxd4 Bxd4 19. Bxd4 Rxd4+ 20. Ke3 Rd7 21. Rb5 Rf7 22. Rbc5 Bd7 23. Bxb7) 18.
Bxc6 bxc6 19. Rxc6 Bg7 20. Bg5 e4 $5 {A completely unexpected move, especially
in my approaching time trouble.} ({I have calculated only} 20... Rd7 21. Rbc1
Bb7 22. Rc7 Rxc7 23. Rxc7 Bxf3 24. gxf3 exd4 25. a4 {with some chances for
White, but objectively this should be a draw.}) 21. Bxd8 exf3 22. Bg5 (22. g4
$2 Bd7 23. Rd6 Rxd8 24. Rb7 Bh6+ 25. Kc3 Rc8+ {and Black is winning.}) 22...
fxg2 {Black has obtained a strong passed pawn.} 23. Rc3 $6 (23. Rg1 {was much
better:} Bxd4 (23... Bb7 24. Rc7 Bd5 25. Rd7 Be6 26. Rd6 Bh3 27. Ke3 {and
White should win.}) 24. Rd6 Bb6 25. Rxg2 {eliminating a dangerous pawn.}) 23...
Bxd4 24. Rg3 Bf5 25. Rb4 Bb6 26. Ke2 Rc8 27. Be3 {I didn't like} (27. Rxg2 Rc2+
28. Bd2 Rxa2 {and White has to be more careful.}) 27... Rc2+ 28. Kf3 Bc7 (28...
Bxe3 $2 29. fxe3 Bh3 30. Rb1 Bd7 31. e4 Bc6 32. Re1 {and the g2-pawn falls.})
29. Rxg2 a5 30. Rd4 Rxa2 31. Rc4 Bd6 32. Rc6 Be7 33. Rg1 Ra4 34. Rb6 Rc4 {
In order to avoid Rc1 withthe penetration of both White's rooks.} 35. Rc1 Rxc1
36. Bxc1 a4 {Now White has no real winning chences, and soon a draw was agreed.
} 37. Ra6 Bc2 38. Ra7 Kf8 39. Bb2 Ke8 40. Ke2 Bb3 41. Kd3 h5 42. f4 Bd6 43. Be5
Be7 44. Kc3 1/2-1/2